000 01105naa a22003257a 4500
001 BR8105422
003 BR-BrBNA
005 20240918174847.0
007 ta
008 230509b bl.||||| |||| 00| 0 por d
040 _aBR-BrBNA
_bpor
_cBiblioteca Nacional de Agricultura
041 _a(Pt)
072 _aF00
_b1190
_bG514
090 _aF00 BR8105422
100 1 _aMoura, R.J. de M.
100 1 _aLederman, I.E.
100 1 _aBezerra, J.E.F.
245 1 _aMultiplicacao agamica do sapotizeiro (Achras zapota L.): enxertia. Resultados em porta-enxertos com 2 anos de idade [Goiana, Pernambuco, Brasil]
260 3 _aRecife, PE (Brasil):
_c1981.
500 _aAtuacao do IPA no ambito do POLONORDESTE Recife, PE (Brasil): 1981. v. 3 p. 748-753 (BR8105422-AM)F00
650 _aSAPOTI
650 _aENXERTO
650 _aPORTA ENXERTO
650 _aGARFAGEM
650 _aENCOSTA
650 _aPERNAMBUCO
773 0 _tAtuacao do IPA no ambito do POLONORDESTE
_wF00 BR8105422
_gRecife, PE (Brasil), 1981. v. 3 p. 748-753
909 _a202404
_bLucia
_c55
_dLucia Elande
942 _cAM
_2AGRIS
999 _c314052
_d314052